000 00594nam a2200169Ia 4500
003 GCL
008 140319s9999 xx 000 0 ara d
040 _aGCL /
_cGCL
082 0 4 _aق
_b953.0738
_bح ح
100 1 _aحورية عبدالسلام
245 1 0 _aالحضارة الاسلامية فى مصر زمن الفاطميين : الجزء الاول النظام المالى والنظم الحربية /
_cحورية عبدالسلام
300 _a110 ص
490 _a
650 0 4 _aالدولة الفاطمية
650 0 4 _aالحضارة الاسلامية
942 _2ddc
_cBK
999 _c44695
_d44695